• 首页
  • 本馆介绍
  • 公告通知
  • 最新文献
  • 馆藏检索
  • 电子资源
  • 读者导购
  • 参考咨询
  • 我的图书馆
  • 登录
  • 详细信息显示
  • 放入我的书架
  • 预约/预借图书
  • 作者相关作品
  • 分类相关作品
  • 丛书相关作品
  • 出版社相关作品

书目信息

  • 表格格式
  • 工作单格式
  • 卡片格式
题名:
雪白血红
    
 
作者: 科朔雷克 著 ;小小冰人 译
分册:  
出版信息: 北京   台海出版社  2018
页数: 255页
开本: 23cm
丛书名:
单 册:
中图分类: I516.55 , K152
科图分类:
主题词: 回忆录--hui yi lu--德国--现代 , 第二次世界大战--di er ci shi jie da zhan--史料
电子资源:
ISBN: 978-7-5168-1910-4
000 01318nam0 2200289 450
001 012001008113
005 20130122103432.0
010    @a978-7-5168-1910-4@dCNY89.80
099    @aCAL 012018103881
100    @a20180901d2018 em y0chiy50 ea
101 1  @achi@cger
102    @aCN@b110000
105    @ay z 000za
106    @ar
200 1  @a雪白血红@Axue bai xue hong@e一名德军士兵的东线回忆录@f(德) 京特·K·科朔雷克著@g小小冰人译
210    @a北京@c台海出版社@d2018
215    @a255页@d23cm
330    @a本书是一份真实可靠的记录,描述了苏德战争前线一名普通德军士兵的战场经历,他和他的战友们在东线艰难度过的每一天——无论冬夏雨雪,他们扎根于前线的战壕或散兵坑内,日复一日地为自己的生存提心吊胆,周围的土地经常会变成熊熊火海……作者并未着眼于对战争原因或战术使用的审视。相反,他通过记录日期,着手呈现出德军士兵日复一日所面临的现实,以及他们通常横死战场的命运。
517 1  @a一名德军士兵的苏德战争回忆录@Ayi ming de jun shi bing de dong xian hui yi lu
606 0  @a回忆录@Ahui yi lu@y德国@z现代
606 0  @a第二次世界大战@Adi er ci shi jie da zhan@x史料
690    @aI516.55@v5
690    @aK152@v5
701  1 @a科朔雷克@AKe Shuo Lei Ke@g(Koschorrek, Günter K.),@f1923-@4著
702  0 @a小小冰人@Axiao xiao bing ren@4译
801  0 @aCN@b上海新华@c20191020
905    @b1134450-3@dI516.55@e202@f4
    
    雪白血红:一名德军士兵的东线回忆录/(德) 京特·K·科朔雷克著/小小冰人译.-北京:台海出版社,2018
    255页;23cm
    
    
    ISBN 978-7-5168-1910-4:CNY89.80
    本书是一份真实可靠的记录,描述了苏德战争前线一名普通德军士兵的战场经历,他和他的战友们在东线艰难度过的每一天——无论冬夏雨雪,他们扎根于前线的战壕或散兵坑内,日复一日地为自己的生存提心吊胆,周围的土地经常会变成熊熊火海……作者并未着眼于对战争原因或战术使用的审视。相反,他通过记录日期,着手呈现出德军士兵日复一日所面临的现实,以及他们通常横死战场的命运。
●
相关链接 在E读中查询图书 在五车中查询图书 在当当中查询图书 在豆瓣中查询图书


正题名:雪白血红     索取号:I516.55/202         预约/预借

序号 登录号 条形码 馆藏地/架位号 状态 备注
1 1134450   211344507   第一样本阅览室/ [索取号:I516.55/202] 在馆    
2 1134451   211344516   第二借阅区/ [索取号:I516.55/202] 在馆    
3 1134452   211344525   第二借阅区/ [索取号:I516.55/202] 在馆    
4 1134453   211344534   第二借阅区/ [索取号:I516.55/202] 在馆    
唐山师范学院图书馆 欢迎您!
大连网信软件有限公司© 版权所有